Normal view
MARC view
Entry Topical Term
001 - CONTROL NUMBER
- control field: 73919
003 - CONTROL NUMBER IDENTIFIER
- control field: OSt
005 - DATE AND TIME OF LATEST TRANSACTION
- control field: 20190323140034.0
008 - FIXED-LENGTH DATA ELEMENTS
- fixed length control field: 190323|| aca||aabn | a|a d
040 ## - CATALOGING SOURCE
- Original cataloging agency: OSt
- Transcribing agency: OSt
150 ## - HEADING--TOPICAL TERM
- Topical term or geographic name entry element: संदर्थकोश
670 ## - SOURCE DATA FOUND
- Source citation: Work cat.: (OSt): वार्ष्णेय,डॉ. लक्ष्मीसागर 73918, हिन्दी सन्दर्थ कोश, 2014









